Every Class 2 West Virginia Senator - Statistics

General Stats
  • This quiz has been taken 16 times
  • The average score is 8 of 19
Answer Stats
Picture Hint Answer % Correct
D(1985-2015) John D. Rockefeller IV
100%
R(2015-) Shelley Moore Capito
100%
D(1958-1985) Jennings Randolph
67%
D(1911-1913) Clarence W. Watson
33%
R(1919-1925) Davis Elkins
33%
R(1911-1911) Davis Elkins
33%
R(1925-1931) Guy D. Goff
33%
D(1871-1883) Henry Gassaway Davis
33%
R(1942-1943) Hugh Ike Shott
33%
D(1883-1893) John E. Kenna
33%
D(1893-1895) Johnson N. Camden
33%
D(1941-1942) Joseph Rosier
33%
D(1949-1958) Matthew M. Neely
33%
D(1931-1941) Matthew M. Neely
33%
R(1913-1919) Nathan Goff
33%
R(1895-1911) Stephen B. Elkins
33%
R(1863-1871) Waitman T. Willey
33%
R(1943-1949) W. Chapman Revercomb
33%
R(1958-1958) John D. Hoblitzell Jr.
0%
No matching quizzes found
Score Distribution
Percent of People with Each Score
Percentile by Number Answered
Your Score History
You have not taken this quiz